00902nam a22002417a 450000500170000001000130001702000220003003500130005203700160006504000120008108200160009310000250010924500850013426000430021927000380026230000300030065000280033065000430035870000250040194200250042699900190045195201900047020170124105947.0 aA-822944 c70.00a8170141818 aA-822944 bCen Lib/Ret aDPLbEN a332.45bAND aAndley, K. K.912730 aForeign exchanges :cby K. K. Andley [and] V. J. Mattoobprinciples & practice / aNew DelhibSultan Chand and Sonsc1995 bNew Delhia23, Darya Ganje110002 avarious pagingsc22cm(Hb) aForeign exchange910359 aForeign exchange rates -- India912731 aMattoo, V. J.912732 2ddccENh332.54mAND c125023d125023 04104070aLbLd2015-06-19eCen Lib/Retg70.00l0o332.45 ANDpA-822944r2015-06-19 00:00:00t1v70.00w2015-06-19yENzWritten off on approval by DLB (By Circulation); dtd 15-06-2023